00323nam a2200121Ia 4500008004100000041000800041082001200049100001800061245004500079260003900124300003100163365000700194240624s9999 xx 000 0 und d aeng a828 RAG aRAGHUNATHAN V aGAMES INDIANS PLAY WHY WE ARE THE WAY WE c2006aNew DelhibPenguin Portfolio axiv, : 170 : p. : cm. ; 19 cRS